[Event "Aragon-ch Primera"]
[Site "Spain"]
[Date "2009.??.??"]
[Round "1"]
[White "Manzanares, Jose Manuel"]
[Black "Belmonte Barragan, Avelino"]
[Result "0-1"]
[WhiteElo "1673"]
[BlackElo "1777"]
[PlyCount "90"]
[EventDate "2009.??.??"]
[EventType "swiss"]
[EventRounds "9"]
[EventCountry "ESP"]
[SourceTitle "EXT 2013"]
[Source "ChessBase"]
[SourceDate "2012.11.22"]
[SourceVersion "1"]
[SourceVersionDate "2012.11.22"]
[SourceQuality "1"]

1. e4 c5 2. Nf3 d6 3. d4 cxd4 4. Nxd4 Nf6 5. Nc3 e5 6. Nf3 Nc6 7. Be2 Be7 8. 0-0 h6 9. h3 0-0 10. Be3 Be6 11. Qd2 a6 12. Rad1 b5 13. a3 Rc8 14. Kh1 Na5 15. Nd5 Nxd5 16. exd5 Bf5 17. c3 Nc4 18. Bxc4 Rxc4 19. b3 Rc8 20. Rc1 Bd7 21. g4 f5 22. gxf5 Rxf5 23. Ng1 Rh5 24. Kh2 Bxh3 25. Nxh3 Qd7 26. f4 Qxh3+ 27. Kg1 Bh4 28. Qe2 Qg3+ 29. Kh1 Qh3+ 30. Kg1 Bf6 31. Kf2 Qh4+ 32. Kf3 Qh3+ 33. Kf2 Bh4+ 34. Kg1 e4 35. Qxh5 Bf2+ 36. Rxf2 Qxh5 37. c4 Qh3 38. Rc3 Qg3+ 39. Kf1 Qg4 40. Ke1 Qh4 41. Ke2 Qh1 42. Bd4 Qb1 43. Ke3 bxc4 44. bxc4 Rxc4 45. Rxc4 Qd3# 0-1

[Event "Aragon-ch Primera"]
[Site "Spain"]
[Date "2009.??.??"]
[Round "8"]
[White "Manzanares, Jose Manuel"]
[Black "Gonzalo Borao, Jorge"]
[Result "1-0"]
[WhiteElo "1673"]
[BlackElo "1753"]
[PlyCount "103"]
[EventDate "2009.??.??"]
[EventType "swiss"]
[EventRounds "9"]
[EventCountry "ESP"]
[SourceTitle "EXT 2013"]
[Source "ChessBase"]
[SourceDate "2012.11.22"]
[SourceVersion "1"]
[SourceVersionDate "2012.11.22"]
[SourceQuality "1"]

1. e4 e5 2. Nf3 Nc6 3. Bb5 d6 4. d4 exd4 5. Qxd4 Bd7 6. Qd1 g6 7. 0-0 Bg7 8. c3 Nge7 9. Bf4 0-0 10. Qd2 a6 11. Ba4 Be6 12. Bg5 b5 13. Bb3 Qd7 14. Bh6 Na5 15. Bxg7 Kxg7 16. Qd4+ Kg8 17. Bxe6 Qxe6 18. Ng5 Qe5 19. f4 Qxd4+ 20. cxd4 Nc4 21. b3 Nb6 22. Nd2 Rac8 23. Rac1 h6 24. Ngf3 Kg7 25. g4 Nd7 26. Rf2 Nf6 27. Rg2 Kh7 28. h3 c6 29. Kh2 Rg8 30. h4 a5 31. Kg3 Rc7 32. e5 dxe5 33. Nxe5 Kg7 34. Re2 Rgc8 35. Nd3 Ned5 36. Nc5 Nd7 37. Nde4 Nxc5 38. Nxc5 Nf6 39. Rce1 Kf8 40. Kf3 Nd5 41. g5 hxg5 42. hxg5 Ne7 43. Rh1 Nf5 44. Re4 Kg7 45. Rd1 Rh8 46. Kg2 Rcc8 47. d5 Rhd8 48. d6 Rxd6 49. Rxd6 Nxd6 50. Rd4 Ne8 51. Rd7 Rc7 52. Ne6+ 1-0

[Event "Aragon-ch Primera"]
[Site "Spain"]
[Date "2009.??.??"]
[Round "3"]
[White "Manzanares, Jose Manuel"]
[Black "Martinez Naval, Manuel"]
[Result "0-1"]
[WhiteElo "1673"]
[BlackElo "1716"]
[PlyCount "181"]
[EventDate "2009.??.??"]
[EventType "swiss"]
[EventRounds "9"]
[EventCountry "ESP"]
[SourceTitle "EXT 2013"]
[Source "ChessBase"]
[SourceDate "2012.11.22"]
[SourceVersion "1"]
[SourceVersionDate "2012.11.22"]
[SourceQuality "1"]

1. e4 e5 2. Nf3 d6 3. Bc4 Be7 4. Nc3 Nf6 5. h3 Nbd7 6. d3 0-0 7. 0-0 a6 8. Nh2 b5 9. Bb3 Bb7 10. f4 exf4 11. Bxf4 Nc5 12. Ng4 Nxb3 13. axb3 Ne8 14. Ne3 Bg5 15. Qg4 Bxf4 16. Rxf4 Bc8 17. Qg3 c6 18. Raf1 Be6 19. Ne2 Ra7 20. Nd4 Qd7 21. Ng4 Bxg4 22. Rxg4 f6 23. Nf5 Kh8 24. h4 g6 25. Ne3 Ng7 26. Qf3 Nh5 27. g3 Qe7 28. Ng2 Qe5 29. c3 c5 30. Rg5 Qe8 31. g4 Ng7 32. Rd5 Qd8 33. Ne3 Raf7 34. Qg3 Ne8 35. c4 Rd7 36. g5 Nc7 37. gxf6 Nxd5 38. Nxd5 Rdf7 39. Qg5 Re8 40. Ne7 Rexe7 41. fxe7 Qxe7 42. Qxe7 Rxe7 43. Rf6 Rd7 44. Kg2 Kg7 45. Rf1 Rb7 46. Rf2 Rf7 47. Rd2 Kf6 48. Rf2+ Ke6 49. Rd2 Ke5 50. Kg3 b4 51. Rd1 Kd4 52. Ra1 Ra7 53. Rd1 a5 54. Kf3 a4 55. bxa4 Rxa4 56. Rd2 Ra7 57. Ke2 Rf7 58. Rd1 Rf4 59. h5 g5 60. Rg1 h6 61. Ra1 Rh4 62. Ra6 Ke5 63. Kf3 Rxh5 64. Ra8 Rh3+ 65. Ke2 Rh2+ 66. Kd1 Rxb2 67. Re8+ Kf6 68. Rh8 Rh2 69. Rf8+ Ke7 70. Rb8 g4 71. Ke1 h5 72. Rb7+ Ke6 73. Rg7 b3 74. Rg6+ Ke5 75. Rg5+ Kd4 76. Rd5+ Kc3 77. Rxd6 b2 78. Rb6 Kxd3 79. e5 Re2+ 80. Kf1 Rxe5 81. Rxb2 Kxc4 82. Kf2 h4 83. Rb1 Rf5+ 84. Kg2 Rd5 85. Ra1 Rd2+ 86. Kg1 Kd4 87. Ra4+ c4 88. Kh1 Kd3 89. Kg1 g3 90. Kh1 h3 91. Rxc4 0-1